000 002800000a22000970004500
100 1 _aMinear, Paul S.
245 1 0 _aFar as the curse is found : The point of Revelation 12:15-16
300 _aVol. 36, Num. 1 (Enero, 1991), Páginas 71-77
773 0 _tNovum Testamentum
942 _cANA
999 _c56805
_d56805